[Event "Gligoric Cup 11th"]
[Site "Paracin"]
[Date "2025.05.24"]
[Round "4.3"]
[White "Djordjevic, Dejan N"]
[Black "Spasic, Petar"]
[Result "1/2-1/2"]
[WhiteElo "2106"]
[BlackElo "2361"]
[PlyCount "74"]
[EventDate "2025.05.22"]
[EventType "team-swiss"]
[EventRounds "5"]
[EventCountry "SRB"]
[SourceTitle "CB22_2025"]
[SourceDate "2025.05.28"]
[SourceVersion "1"]
[SourceVersionDate "2025.05.28"]
[SourceQuality "1"]
[WhiteTeam "Nis Nais"]
[BlackTeam "Surdulica Radnik"]
[WhiteTeamCountry "SRB"]
[BlackTeamCountry "SRB"]

1. e4 c6 2. d4 d5 3. Nd2 dxe4 4. Nxe4 Nf6 5. Ng5 h6 6. N5f3 Bf5 7. Bd3 e6 8. c3 Bxd3 9. Qxd3 Bd6 10. Ne2 Qc7 11. Ng3 Nbd7 12. Ne4 Nxe4 13. Qxe4 0-0-0 14. Bd2 Qa5 15. a3 Qb5 16. Qc2 Rhe8 17. c4 Qf5 18. 0-0-0 Nf6 19. h3 Qxc2+ 20. Kxc2 Ne4 21. Be3 Bb8 22. Rhe1 Nd6 23. b3 f6 24. a4 g5 25. Bc1 h5 26. g4 hxg4 27. hxg4 Nf7 28. Rh1 Rh8 29. Be3 Nh6 30. Rhg1 Nf7 31. Rh1 Nh6 32. Rhg1 Rhg8 33. Bc1 Nf7 34. Be3 Rg6 35. Rh1 Rh6 36. Rxh6 Nxh6 37. Rg1 Nf7 1/2-1/2

[Event "Gligoric Cup 11th"]
[Site "Paracin"]
[Date "2025.05.24"]
[Round "3.3"]
[White "Spasic, Petar"]
[Black "Atalik, Suat"]
[Result "1-0"]
[WhiteElo "2361"]
[BlackElo "2422"]
[PlyCount "73"]
[EventDate "2025.05.22"]
[EventType "team-swiss"]
[EventRounds "5"]
[EventCountry "SRB"]
[SourceTitle "CB22_2025"]
[SourceDate "2025.05.28"]
[SourceVersion "1"]
[SourceVersionDate "2025.05.28"]
[SourceQuality "1"]
[WhiteTeam "Surdulica Radnik"]
[BlackTeam "Belgrade Crvena Zvezda"]
[WhiteTeamCountry "SRB"]
[BlackTeamCountry "SRB"]

1. d4 d5 2. Bf4 Nf6 3. Nf3 Bf5 4. e3 e6 5. Nbd2 Bd6 6. Ne5 Nfd7 7. g4 Bg6 8. h4 Bxe5 9. dxe5 h6 10. Bd3 Bxd3 11. cxd3 c5 12. h5 Nc6 13. Nf3 Qa5+ 14. Kf1 Qa6 15. Kg2 Nb4 16. d4 Nd3 17. Qd2 cxd4 18. exd4 Nxf4+ 19. Qxf4 Nb8 20. Rhe1 Nc6 21. a3 Qd3 22. Rac1 a5 23. Rc5 Qh7 24. Rc3 0-0 25. Rce3 g5 26. Qf6 a4 27. Rc3 Ra6 28. Nxg5 hxg5 29. h6 Re8 30. Rh1 Kf8 31. Rh5 Ne7 32. Rxg5 Ng8 33. Rxg8+ Kxg8 34. Rh3 Rc6 35. Rh5 Kf8 36. Rg5 Qe4+ 37. Kh2 1-0

[Event "Gligoric Cup 11th"]
[Site "Paracin"]
[Date "2025.05.22"]
[Round "1.3"]
[White "Spasic, Petar"]
[Black "Besedes, Danilo"]
[Result "1/2-1/2"]
[WhiteElo "2361"]
[BlackElo "2254"]
[PlyCount "64"]
[EventDate "2025.05.22"]
[EventType "team-swiss"]
[EventRounds "5"]
[EventCountry "SRB"]
[SourceTitle "CB22_2025"]
[SourceDate "2025.05.28"]
[SourceVersion "1"]
[SourceVersionDate "2025.05.28"]
[SourceQuality "1"]
[WhiteTeam "Surdulica Radnik"]
[BlackTeam "Jazak Uros"]
[WhiteTeamCountry "SRB"]
[BlackTeamCountry "SRB"]

1. e4 e6 2. d4 d5 3. Nc3 dxe4 4. Nxe4 Nd7 5. g3 Ngf6 6. Nxf6+ Nxf6 7. Bg2 c5 8. Nf3 Be7 9. 0-0 cxd4 10. Qxd4 0-0 11. c4 a6 12. Qxd8 Rxd8 13. Ne5 Ne8 14. Be3 f6 15. Nf3 Bd7 16. Nd4 Rab8 17. Rac1 Nc7 18. Rfd1 Ba4 19. b3 Be8 20. Nc2 Rxd1+ 21. Rxd1 b6 22. f4 Kf8 23. g4 a5 24. Be4 h6 25. f5 e5 26. Bf2 Bc5 27. h4 Ke7 28. Be3 Na6 29. Kf2 Nb4 30. Nxb4 axb4 31. g5 hxg5 32. hxg5 Rd8 1/2-1/2

[Event "Pozarevac Rudar GM2 11"]
[Site "Pozarevac"]
[Date "2024.11.19"]
[Round "7"]
[White "Wu, Yixing"]
[Black "Spasic, Petar"]
[Result "1/2-1/2"]
[WhiteElo "2403"]
[BlackElo "2354"]
[PlyCount "36"]
[EventDate "2024.11.14"]
[EventType "tourn"]
[EventRounds "9"]
[EventCountry "SRB"]
[EventCategory "6"]
[SourceTitle "CB48_2024"]
[SourceDate "2024.11.28"]
[SourceVersion "1"]
[SourceVersionDate "2024.11.28"]
[SourceQuality "1"]

1. e4 e6 2. d4 d5 3. Nd2 a6 4. Ngf3 c5 5. exd5 exd5 6. dxc5 Bxc5 7. Nb3 Bb6 8. Bg5 Ne7 9. Bd3 0-0 10. h3 Nbc6 11. Qd2 Qd6 12. 0-0 Ng6 13. Rfd1 Bxh3 14. Bf1 Bg4 15. Qxd5 Qxd5 16. Rxd5 Bxf3 17. gxf3 Rfe8 18. Kg2 h6 1/2-1/2

[Event "Pozarevac Rudar GM2 11"]
[Site "Pozarevac"]
[Date "2024.11.16"]
[Round "3"]
[White "Spasic, Petar"]
[Black "Nikolov, Momchil"]
[Result "0-1"]
[WhiteElo "2354"]
[BlackElo "2421"]
[PlyCount "132"]
[EventDate "2024.11.14"]
[EventType "tourn"]
[EventRounds "9"]
[EventCountry "SRB"]
[EventCategory "6"]
[SourceTitle "CB48_2024"]
[SourceDate "2024.11.28"]
[SourceVersion "1"]
[SourceVersionDate "2024.11.28"]
[SourceQuality "1"]

1. d4 Nf6 2. Bf4 d5 3. e3 c5 4. Nf3 Nc6 5. Nbd2 e6 6. c3 Be7 7. Bd3 Nh5 8. Be5 f6 9. Bg3 g6 10. dxc5 Bxc5 11. Qe2 0-0 12. Nb3 Bb6 13. e4 Qe7 14. exd5 Nxg3 15. hxg3 exd5 16. Qxe7 Nxe7 17. 0-0 Nc6 18. Rae1 Bd7 19. Nbd4 Rfe8 20. Bb5 Rad8 21. Rxe8+ Rxe8 22. Re1 Rxe1+ 23. Nxe1 Kf7 24. Nd3 Ke7 25. Bxc6 bxc6 26. b4 Kd6 27. Nb3 Bf5 28. Ndc5 Bc2 29. Kf1 Bxb3 30. Nxb3 h5 31. Ke2 f5 32. a4 a6 33. f4 c5 34. Nd2 cxb4 35. cxb4 Bd4 36. Nf3 Bc3 37. b5 axb5 38. axb5 Bf6 39. Kd3 Kc5 40. Nd2 Kxb5 41. Nb3 Kc6 42. Nd2 g5 43. Nf1 Kd6 44. Ne3 Ke6 45. Nf1 Bd8 46. Nd2 g4 47. Nb1 Ba5 48. Na3 Be1 49. Nb5 Bxg3 50. Nc7+ Kd6 51. Ne8+ Ke7 52. Nc7 Kd6 53. Ne8+ Kc6 54. Ke3 h4 55. Ng7 d4+ 56. Ke2 Kd5 57. Nxf5 Ke4 58. Nd6+ Kxf4 59. Nc4 d3+ 60. Kf1 Ke4 61. Nb2 d2 62. Ke2 h3 63. gxh3 gxh3 64. Nc4 d1Q+ 65. Kxd1 h2 66. Nd2+ Ke5 0-1

[Event "Pozarevac Rudar GM 11"]
[Site "Pozarevac"]
[Date "2024.11.13"]
[Round "9"]
[White "Nikolov, Momchil"]
[Black "Spasic, Petar"]
[Result "0-1"]
[WhiteElo "2421"]
[BlackElo "2354"]
[PlyCount "102"]
[EventDate "2024.11.06"]
[EventType "tourn"]
[EventRounds "9"]
[EventCountry "SRB"]
[EventCategory "6"]
[SourceTitle "CB49_2024"]
[SourceDate "2024.12.04"]
[SourceVersion "1"]
[SourceVersionDate "2024.12.04"]
[SourceQuality "1"]

1. e4 c6 2. d4 d5 3. exd5 cxd5 4. Bd3 Nc6 5. c3 e6 6. Nf3 Bd6 7. 0-0 Nge7 8. Re1 Qc7 9. b3 f6 10. c4 0-0 11. Nc3 a6 12. g3 b6 13. Bb2 Bd7 14. Rc1 Qb7 15. Bb1 Rac8 16. Qd3 g6 17. Qe2 Rce8 18. Qd1 b5 19. cxd5 exd5 20. Bd3 Bg4 21. Bf1 Qd7 22. Bg2 Bb8 23. Qd2 Ba7 24. Nd1 Nf5 25. Ne3 Nxe3 26. Rxe3 Rxe3 27. Qxe3 Re8 28. Qf4 Kg7 29. Qd2 Bf5 30. Ba3 Be4 31. Bc5 Bb8 32. a4 Nd8 33. axb5 axb5 34. Qc3 Ne6 35. b4 Nd8 36. Bf1 Nf7 37. Nd2 Bf5 38. h4 g5 39. Nf3 h6 40. Re1 Be4 41. hxg5 hxg5 42. Nd2 g4 43. Bg2 Ng5 44. Ra1 Bxg2 45. Kxg2 Qf5 46. Rf1 Re2 47. Bb6 Nh3 48. Nf3 Qe4 49. Bc7 Ng5 50. Bxb8 Nxf3 51. Qc7+ Kg6 0-1

[Event "Pozarevac Rudar GM 11"]
[Site "Pozarevac"]
[Date "2024.11.10"]
[Round "6"]
[White "Spasic, Petar"]
[Black "Wu, Yixing"]
[Result "1/2-1/2"]
[WhiteElo "2354"]
[BlackElo "2403"]
[PlyCount "24"]
[EventDate "2024.11.06"]
[EventType "tourn"]
[EventRounds "9"]
[EventCountry "SRB"]
[EventCategory "6"]
[SourceTitle "CB49_2024"]
[SourceDate "2024.12.04"]
[SourceVersion "1"]
[SourceVersionDate "2024.12.04"]
[SourceQuality "1"]

1. e4 c5 2. Nf3 g6 3. c3 d5 4. exd5 Qxd5 5. d4 Bg7 6. Na3 Nf6 7. Nb5 Na6 8. Be2 0-0 9. 0-0 cxd4 10. Nfxd4 e5 11. Nb3 Qe6 12. Bg5 h6 1/2-1/2

[Event "SRB-chT Central"]
[Site "Novi Pazar"]
[Date "2024.10.13"]
[Round "5.3"]
[White "Spasic, Petar"]
[Black "Burovic, Ismet"]
[Result "1-0"]
[WhiteElo "2304"]
[BlackElo "2313"]
[PlyCount "73"]
[EventDate "2024.10.10"]
[EventType "team-tourn"]
[EventRounds "11"]
[EventCountry "SRB"]
[SourceTitle "CB43_2024"]
[Source "Chessbase"]
[SourceDate "2024.10.23"]
[SourceVersion "1"]
[SourceVersionDate "2024.10.23"]
[SourceQuality "1"]
[WhiteTeam "Surdulica Radnik"]
[BlackTeam "Tutin"]
[WhiteTeamCountry "SRB"]
[BlackTeamCountry "SRB"]

1. e4 c6 2. d4 d5 3. e5 c5 4. dxc5 e6 5. a3 Bxc5 6. b4 Be7 7. Qg4 g6 8. Nf3 a5 9. b5 Nd7 10. Bd3 Nc5 11. 0-0 h5 12. Qf4 Nxd3 13. cxd3 Nh6 14. a4 Nf5 15. Ba3 Bd7 16. Bxe7 Qxe7 17. Nbd2 Rc8 18. Nb3 b6 19. Nbd4 Nxd4 20. Qxd4 Rc5 21. Rfc1 0-0 22. Rxc5 bxc5 23. Qc3 Ra8 24. Rc1 d4 25. Qd2 Kg7 26. Ng5 Bc8 27. Ne4 Bb7 28. Nd6 Bd5 29. Rxc5 Rd8 30. Qf4 Kg8 31. b6 g5 32. Qxd4 Kh7 33. h3 Kg6 34. Rc7 Rd7 35. Qc5 f6 36. Rxd7 Qxd7 37. Qc7 1-0

[Event "SRB-chT Central"]
[Site "Novi Pazar"]
[Date "2024.10.11"]
[Round "2.3"]
[White "Todorovic, Nenad I"]
[Black "Spasic, Petar"]
[Result "1/2-1/2"]
[WhiteElo "2262"]
[BlackElo "2304"]
[PlyCount "51"]
[EventDate "2024.10.10"]
[EventType "team-tourn"]
[EventRounds "11"]
[EventCountry "SRB"]
[SourceTitle "CB43_2024"]
[Source "Chessbase"]
[SourceDate "2024.10.23"]
[SourceVersion "1"]
[SourceVersionDate "2024.10.23"]
[SourceQuality "1"]
[WhiteTeam "Nis Nais"]
[BlackTeam "Surdulica Radnik"]
[WhiteTeamCountry "SRB"]
[BlackTeamCountry "SRB"]

1. e4 c5 2. Nf3 d6 3. d4 cxd4 4. Nxd4 Nf6 5. Nc3 Nc6 6. Bg5 a6 7. Qd2 e6 8. 0-0-0 Bd7 9. f3 Qc7 10. Kb1 b5 11. Nxc6 Bxc6 12. h4 h6 13. Be3 Nd7 14. Ne2 Rc8 15. Nd4 Bb7 16. Bd3 Nc5 17. Be2 g6 18. g4 h5 19. gxh5 Rxh5 20. Bg5 Be7 21. Nb3 Nxb3 22. axb3 Bxg5 23. hxg5 Rxh1 24. Rxh1 Qc5 25. b4 Qe5 26. Bd3 1/2-1/2

[Event "Pozarevac Rudar GM 08"]
[Site "Pozarevac"]
[Date "2024.08.14"]
[Round "9"]
[White "Spasic, Petar"]
[Black "Kushagra, Mohan"]
[Result "1/2-1/2"]
[WhiteElo "2337"]
[BlackElo "2359"]
[PlyCount "76"]
[EventDate "2024.08.07"]
[EventType "tourn"]
[EventRounds "9"]
[EventCountry "SRB"]
[EventCategory "6"]
[SourceTitle "EXT 2025"]
[Source "ChessBase"]
[SourceDate "2024.10.14"]
[SourceVersion "1"]
[SourceVersionDate "2024.10.14"]
[SourceQuality "1"]

1. e3 Nf6 2. c4 g6 3. Nc3 Bg7 4. g3 d5 5. cxd5 Nxd5 6. d4 c5 7. Bg2 Nxc3 8. bxc3 e5 9. Ne2 Nc6 10. Ba3 cxd4 11. exd4 Qa5 12. Qb3 Qa6 13. Bd5 Nd8 14. dxe5 Be6 15. Bd6 Bxd5 16. Qxd5 Qc6 17. Rd1 Rc8 18. 0-0 Ne6 19. f4 Bf8 20. Qxc6+ Rxc6 21. Bxf8 Rxf8 22. Rf3 Ke7 23. Nd4 Rc7 24. f5 Nxd4 25. cxd4 Rc2 26. Rb1 b6 27. Ra3 gxf5 28. Rxa7+ Ke6 29. Rxb6+ Kd5 30. Rf6 Rb8 31. Rxf5 Rb1+ 32. Rf1 Rbb2 33. Rd7+ Ke4 34. Rf4+ Ke3 35. Rdxf7 Rg2+ 36. Kf1 Rxh2 37. Rf3+ Kxd4 38. R7f4+ Kxe5 1/2-1/2

[Event "Pozarevac Rudar GM 08"]
[Site "Pozarevac"]
[Date "2024.08.11"]
[Round "5"]
[White "Spasic, Petar"]
[Black "Skvortsov, Andrei"]
[Result "0-1"]
[WhiteElo "2337"]
[BlackElo "2343"]
[PlyCount "210"]
[EventDate "2024.08.07"]
[EventType "tourn"]
[EventRounds "9"]
[EventCountry "SRB"]
[EventCategory "6"]
[SourceTitle "EXT 2025"]
[Source "ChessBase"]
[SourceDate "2024.10.14"]
[SourceVersion "1"]
[SourceVersionDate "2024.10.14"]
[SourceQuality "1"]

1. c4 e5 2. Nc3 Nc6 3. Nf3 g6 4. g3 Bg7 5. Bg2 Nge7 6. 0-0 0-0 7. Rb1 a5 8. a3 Nd4 9. b4 axb4 10. axb4 c6 11. c5 d5 12. cxd6 Nef5 13. d3 Nxd6 14. e3 N4b5 15. Nxb5 Nxb5 16. Bb2 Re8 17. Ra1 Rb8 18. Qc2 Bf5 19. Rfd1 Qe7 20. Rab1 Rbd8 21. e4 Bg4 22. h3 Bxf3 23. Bxf3 Rd4 24. Bc3 Bf8 25. Rb2 Nxc3 26. Qxc3 Rxb4 27. Rdb1 Rxb2 28. Rxb2 Qc7 29. Kg2 b6 30. Bd1 Bc5 31. Ba4 Rd8 32. Ra2 Kg7 33. Bb3 Rd7 34. Ra8 Qd6 35. Ba4 Qf6 36. f4 Re7 37. Rc8 Re6 38. Bb3 exf4 39. Qxf6+ Rxf6 40. gxf4 Be3 41. e5 Rxf4 42. Rxc6 Rf2+ 43. Kg3 Rf5 44. e6 fxe6 45. Bxe6 Rf6 46. Bd5 Bc5 47. Rc7+ Kh6 48. Rb7 Rf8 49. Be4 Bd4 50. Kg2 Rf6 51. Bd5 Rf2+ 52. Kg3 Rf8 53. Be4 Be5+ 54. Kg2 Rb8 55. Rxb8 Bxb8 56. Bc6 Kg5 57. Kf3 Kh4 58. Bd7 h5 59. Be8 g5 60. Kg2 g4 61. hxg4 hxg4 62. Bc6 Kg5 63. Kf2 Kf4 64. Ke2 Be5 65. Kd2 g3 66. Ke2 Bd4 67. Kf1 Ke3 68. Kg2 Be5 69. Bb5 Bd6 70. Ba6 Kd4 71. Kf3 Kc5 72. Ke3 Kc6 73. d4 b5 74. Bc8 Kb6 75. Be6 Ka5 76. Bd5 Kb4 77. Kd3 Ka3 78. Kc3 b4+ 79. Kc2 Ka4 80. Bc6+ Ka5 81. Kb3 Kb6 82. Bd5 Kc7 83. Kc4 Kd7 84. Kd3 Bf8 85. Ke3 Bd6 86. Bb3 Ke7 87. Kf3 Kf6 88. Bc4 Kg5 89. Be6 Kh4 90. Kg2 Be7 91. Kf3 Bf6 92. Ke3 Bxd4+ 93. Kf3 Bc5 94. Kg2 Bd6 95. Kf3 b3 96. Bf5 b2 97. Kg2 Kg5 98. Bh7 Kf4 99. Bg6 Ke3 100. Bh7 Kd2 101. Kh1 Kc1 102. Kg2 b1Q 103. Bxb1 Kxb1 104. Kf1 Kc2 105. Ke2 Kc3 0-1

[Event "Pozarevac Rudar GM-B 07"]
[Site "Pozarevac"]
[Date "2024.08.01"]
[Round "3"]
[White "Zajic, Milan"]
[Black "Spasic, Petar"]
[Result "1/2-1/2"]
[WhiteElo "2453"]
[BlackElo "2356"]
[PlyCount "109"]
[EventDate "2024.07.30"]
[EventType "tourn"]
[EventRounds "9"]
[EventCountry "SRB"]
[EventCategory "7"]
[SourceTitle "EXT 2025"]
[Source "ChessBase"]
[SourceDate "2024.10.14"]
[SourceVersion "1"]
[SourceVersionDate "2024.10.14"]
[SourceQuality "1"]

1. e4 c5 2. Nf3 d6 3. d4 cxd4 4. Nxd4 Nf6 5. Nc3 Nc6 6. Bg5 a6 7. Qd2 Bd7 8. f4 e6 9. 0-0-0 b5 10. Bxf6 gxf6 11. f5 h5 12. Kb1 Qb6 13. fxe6 fxe6 14. Nxc6 Bxc6 15. Qe1 0-0-0 16. Bd3 Qc5 17. Rf1 Qe5 18. Qf2 Kb7 19. Ne2 Be7 20. Nd4 Rc8 21. c3 Bd8 22. Qe2 Bb6 23. Nf3 Qc5 24. a4 Qe3 25. axb5 axb5 26. Qc2 b4 27. cxb4 Bb5 28. Rfe1 Rxc2 29. Rxe3 Rxg2 30. Ree1 Ba4 31. Rc1 Rf2 32. Rf1 Rg8 33. Rxf2 Bxf2 34. b5 Rc8 35. Rxc8 Kxc8 36. Bc4 Bd1 37. Bxe6+ Kc7 38. Nd2 Bg4 39. Bxg4 hxg4 40. Kc2 Bg1 41. Nf1 Kb6 42. Kd3 Kxb5 43. Ne3 Bxh2 44. Nxg4 Bf4 45. b3 Kb4 46. Kc2 Bg5 47. Nf2 Kc5 48. Kc3 d5 49. b4+ Kc6 50. Kd4 dxe4 51. Nxe4 Kb5 52. Nxg5 fxg5 53. Ke4 g4 54. Kf4 Kxb4 55. Kxg4 1/2-1/2

[Event "Pozarevac Rudar IM 04"]
[Site "Pozarevac"]
[Date "2024.04.25"]
[Round "9"]
[White "Djokic, Nebojsa"]
[Black "Spasic, Petar"]
[Result "0-1"]
[WhiteElo "2117"]
[BlackElo "2328"]
[PlyCount "52"]
[EventDate "2024.04.18"]
[EventType "tourn"]
[EventRounds "9"]
[EventCountry "SRB"]
[SourceTitle "CBM 220 Extra"]
[Source "ChessBase"]
[SourceDate "2024.07.31"]
[SourceVersion "1"]
[SourceVersionDate "2024.07.31"]
[SourceQuality "1"]

1. e4 c5 2. Nf3 d6 3. d4 cxd4 4. Nxd4 Nf6 5. Nc3 Nc6 6. Bc4 e6 7. Be3 a6 8. Qe2 Qc7 9. 0-0-0 Bd7 10. Bb3 b5 11. a3 Be7 12. g4 Nxd4 13. Bxd4 e5 14. Nd5 Nxd5 15. Bxd5 Rb8 16. Be3 0-0 17. g5 Rfc8 18. Bb3 a5 19. Kb1 a4 20. Bd5 b4 21. axb4 Rxb4 22. Rd2 Rcb8 23. c3 Qxc3 24. Rc2 Qa3 25. Rhc1 Bb5 26. Rc8+ Bf8 0-1

[Event "Pozarevac Rudar IM 04"]
[Site "Pozarevac"]
[Date "2024.04.24"]
[Round "8"]
[White "Spasic, Petar"]
[Black "Ilincic, Zlatko"]
[Result "1/2-1/2"]
[WhiteElo "2328"]
[BlackElo "2262"]
[PlyCount "35"]
[EventDate "2024.04.18"]
[EventType "tourn"]
[EventRounds "9"]
[EventCountry "SRB"]
[SourceTitle "CBM 220 Extra"]
[Source "ChessBase"]
[SourceDate "2024.07.31"]
[SourceVersion "1"]
[SourceVersionDate "2024.07.31"]
[SourceQuality "1"]

1. e4 c5 2. Nf3 g6 3. d4 cxd4 4. Nxd4 Bg7 5. c4 Nc6 6. Be3 Nf6 7. Nc3 Ng4 8. Qxg4 Nxd4 9. Qd1 Ne6 10. Qd2 Qa5 11. Rc1 d6 12. Be2 Nc5 13. f3 Bd7 14. 0-0 Na4 15. Nxa4 Qxd2 16. Bxd2 Bxa4 17. Bc3 0-0 18. Bxg7 1/2-1/2

[Event "Pozarevac Rudar IM 02"]
[Site "Pozarevac"]
[Date "2024.02.13"]
[Round "7"]
[White "Spasic, Petar"]
[Black "Karamsetty, Jeevan"]
[Result "1-0"]
[WhiteElo "2343"]
[BlackElo "2188"]
[PlyCount "129"]
[EventDate "2024.02.08"]
[EventType "tourn"]
[EventRounds "9"]
[EventCountry "SRB"]
[SourceTitle "CBM 218 Extra"]
[Source "ChessBase"]
[SourceDate "2024.03.31"]
[SourceVersion "1"]
[SourceVersionDate "2024.03.31"]
[SourceQuality "1"]

1. d4 g6 2. Nf3 Bg7 3. g3 d6 4. Bg2 Nf6 5. 0-0 0-0 6. Re1 Nbd7 7. c4 e5 8. e3 Re8 9. a4 a5 10. Nc3 Rb8 11. b3 b6 12. Ba3 Bb7 13. Qc2 Nf8 14. dxe5 Bxf3 15. Bxf3 Rxe5 16. Nb5 Qc8 17. Nd4 Re8 18. Nc6 Ra8 19. Rad1 Ne6 20. h4 Nc5 21. Nd4 Nce4 22. Kg2 h5 23. Bb2 Qd7 24. Ne2 Rad8 25. Nf4 Nc5 26. Qc3 Nce4 27. Qd4 Nxf2 28. Kxf2 Ne4+ 29. Bxe4 Bxd4 30. exd4 c6 31. d5 c5 32. Rd2 Re5 33. Rde2 Rde8 34. Bxe5 dxe5 35. Bg2 Qd6 36. Nd3 f6 37. Nf4 Kg7 38. Ne6+ Kh6 39. Bh3 Ra8 40. Kg2 Ra7 41. Rf1 Rf7 42. Ng5 Rf8 43. Ne4 Qd8 44. Be6 Kg7 45. Ref2 f5 46. Ng5 Qd6 47. Ne4 Qe7 48. Bxf5 gxf5 49. Rxf5 Rxf5 50. Rxf5 Qe8 51. Rg5+ Kh6 52. Nf6 Qf7 53. Rxe5 Kg6 54. Ne4 Kh6 55. d6 Qd7 56. Re7 Qg4 57. Kf2 Qd1 58. d7 Kg6 59. Re6+ Kf5 60. Rd6 Qh1 61. d8Q Qh2+ 62. Ke3 Qg1+ 63. Nf2 Qxg3+ 64. Ke2 Qe5+ 65. Kf1 1-0

[Event "Titled Tuesday intern op 06th Feb Late"]
[Site "Chess.com INT"]
[Date "2024.02.06"]
[Round "4"]
[White "Rogov, Matfey"]
[Black "Spasic, Petar"]
[Result "0-1"]
[WhiteElo "2152"]
[BlackElo "2343"]
[PlyCount "94"]
[EventDate "2024.02.06"]
[EventType "swiss (blitz)"]
[EventRounds "11"]
[EventCountry "USA"]
[SourceTitle "CBM 218 Extra"]
[Source "ChessBase"]
[SourceDate "2024.03.31"]
[SourceVersion "1"]
[SourceVersionDate "2024.03.31"]
[SourceQuality "1"]

1. e4 d5 2. exd5 Qxd5 3. Nf3 Nc6 4. d4 Bg4 5. Be2 0-0-0 6. c4 Qh5 7. Nc3 e5 8. d5 Bxf3 9. Bxf3 Qg6 10. Be3 f5 11. 0-0 e4 12. Bh5 Qf6 13. Qa4 Ne5 14. Qxa7 Qa6 15. Qd4 Nc6 16. Qd2 Qxc4 17. Be2 Qb4 18. Qc2 Nd4 19. Bxd4 Qxd4 20. Nb5 Qe5 21. Rac1 Bd6 22. g3 Ne7 23. Rfd1 f4 24. Bg4+ Kb8 25. Qa4 Nc8 26. Bxc8 Kxc8 27. Na7+ Kb8 28. Rc3 fxg3 29. Nc6+ bxc6 30. Qa6 gxf2+ 31. Kf1 Bb4 32. Rxc6 Rxd5 33. Rb6+ cxb6 34. Qxb6+ Kc8 35. Qc6+ Qc7 36. Qxd5 Rd8 37. Qe6+ Kb8 38. Rxd8+ Qxd8 39. Qe5+ Qd6 40. Qxe4 Bc5 41. Qe8+ Kc7 42. Qf7+ Kc6 43. Qf3+ Kb6 44. a3 Qd4 45. b4 Qa1+ 46. Kg2 Qg1+ 47. Kh3 f1Q+ 0-1

[Event "Titled Tuesday intern op 06th Feb Late"]
[Site "Chess.com INT"]
[Date "2024.02.06"]
[Round "5"]
[White "Spasic, Petar"]
[Black "Annaberdiev, Meilis"]
[Result "1-0"]
[WhiteElo "2343"]
[BlackElo "2467"]
[PlyCount "65"]
[EventDate "2024.02.06"]
[EventType "swiss (blitz)"]
[EventRounds "11"]
[EventCountry "USA"]
[SourceTitle "CBM 218 Extra"]
[Source "ChessBase"]
[SourceDate "2024.03.31"]
[SourceVersion "1"]
[SourceVersionDate "2024.03.31"]
[SourceQuality "1"]

1. Nf3 d5 2. e3 Nf6 3. c4 e6 4. b3 c5 5. Bb2 Nc6 6. cxd5 exd5 7. Bb5 Bd6 8. 0-0 0-0 9. d4 cxd4 10. Nxd4 Bd7 11. Nd2 a6 12. Bd3 Ne5 13. Bf5 Re8 14. N2f3 Ne4 15. Rc1 Ng4 16. g3 g6 17. Bxd7 Qxd7 18. Ne2 Bc5 19. Rxc5 Nxc5 20. Qd4 f6 21. Qxc5 Rac8 22. Qd4 Rc2 23. Nf4 Re4 24. Qd3 Rxb2 25. Nxd5 Qf5 26. Nh4 Qe5 27. h3 Nxf2 28. Rxf2 Qxg3+ 29. Rg2 Qe1+ 30. Kh2 Rxh4 31. Rxb2 Rxh3+ 32. Kxh3 Qh1+ 33. Kg3 1-0